No substitute for victory : Lessons in strategy and leardership from General Dauglas Macarthur

Bibliographic Details
Main Author: Kinni, Theodore
Format: Book
Published: New Jersey : Pearson Educations , 2005
Subjects:

MARC

LEADER 00000cam a2200000 7i4500
001 0000015890
005 20050922.0
020 |a 0131470213 
040 |a INS 
090 0 0 |a E745M3   |b K56 2005 
100 1 |a Kinni, Theodore 
245 1 0 |a No substitute for victory :   |b Lessons in strategy and leardership from General Dauglas Macarthur   |c Theodore Kinni 
260 |a New Jersey :   |b Pearson Educations ,   |c 2005 
300 |a xix :   |b 266p ;   |c 24cm. 
650 0 0 |a Management   |z United States   |x Case studies 
650 0 0 |a Strategic   |x Case study 
999 |a 0000015852   |b BOOK   |c Open Shelf   |e Default branch